[Event "Deutsche Ländermeisterschaft 2022"]
[Site "Wiesbaden GER"]
[Date "2022.10.01"]
[Round "2"]
[White "Nied, Pascal"]
[Black "Leonard, Timo"]
[Result "0-1"]
[Termination "normal"]
[Board "3.2"]
[WhiteElo "2131"]
[BlackElo "2067"]
[WhiteClock "00:04:55"]
[BlackClock "00:22:20"]
[WhiteTeam "Baden 1"]
[BlackTeam "Nordrhein-Westfalen"]
[PlyCount "108"]
[WhiteFideId "16260597"]
[BlackFideId "16208757"]
[EventCountry "GER"]
[EventRounds "7"]
[EventType "team-swiss"]
[EventDate "2022.09.30"]

1. e4 {[%clk 01:30:58]} {[%emt 00:00:01]} c6 {[%clk 01:30:55]} {[%emt
00:00:06]} 2. d4 {[%clk 01:31:23]} {[%emt 00:00:04]} d5 {[%clk 01:31:22]}
{[%emt 00:00:03]} 3. exd5 {[%clk 01:31:48]} {[%emt 00:00:04]} cxd5 {[%clk
01:31:46]} {[%emt 00:00:07]} 4. Bd3 {[%clk 01:32:12]} {[%emt 00:00:05]} Nc6
{[%clk 01:31:48]} {[%emt 00:00:29]} 5. c3 {[%clk 01:32:37]} {[%emt 00:00:05]}
Nf6 {[%clk 01:32:11]} {[%emt 00:00:07]} 6. Bf4 {[%clk 01:33:01]} {[%emt
00:00:06]} Bg4 {[%clk 01:31:59]} {[%emt 00:00:42]} 7. Qb3 {[%clk 01:33:19]}
{[%emt 00:00:12]} Qd7 {[%clk 01:31:36]} {[%emt 00:00:53]} 8. Nd2 {[%clk
01:33:40]} {[%emt 00:00:09]} e6 {[%clk 01:31:41]} {[%emt 00:00:26]} 9. Ngf3
{[%clk 01:34:03]} {[%emt 00:00:07]} Bd6 {[%clk 01:31:32]} {[%emt 00:00:38]} 10.
Bxd6 {[%clk 01:34:13]} {[%emt 00:00:20]} Qxd6 {[%clk 01:31:57]} {[%emt
00:00:05]} 11. O-O {[%clk 01:33:43]} {[%emt 00:00:59]} O-O {[%clk 01:32:21]}
{[%emt 00:00:07]} 12. Rae1 {[%clk 01:29:58]} {[%emt 00:04:15]} Ne7 {[%clk
01:31:46]} {[%emt 00:01:05]} 13. Ne5 {[%clk 01:22:33]} {[%emt 00:07:55]} Bf5
{[%clk 01:30:56]} {[%emt 00:01:20]} 14. Qd1 {[%clk 01:22:13]} {[%emt 00:00:49]}
Bxd3 {[%clk 01:25:34]} {[%emt 00:05:53]} 15. Nxd3 {[%clk 01:22:37]} {[%emt
00:00:06]} Qa6 {[%clk 00:55:54]} {[%emt 00:30:10]} 16. Qf3 {[%clk 00:56:14]}
{[%emt 00:26:53]} Ng6 {[%clk 00:51:47]} {[%emt 00:04:37]} 17. a3 {[%clk
00:53:41]} {[%emt 00:03:03]} Qb5 {[%clk 00:44:18]} {[%emt 00:07:59]} 18. g4
{[%clk 00:42:56]} {[%emt 00:11:15]} Rae8 {[%clk 00:33:18]} {[%emt 00:11:30]}
19. Qg3 {[%clk 00:33:36]} {[%emt 00:09:50]} h5 {[%clk 00:17:47]} {[%emt
00:16:01]} 20. h3 {[%clk 00:27:26]} {[%emt 00:06:40]} h4 {[%clk 00:17:56]}
{[%emt 00:00:22]} 21. Qe3 {[%clk 00:27:16]} {[%emt 00:00:39]} Nd7 {[%clk
00:12:37]} {[%emt 00:05:49]} 22. f4 {[%clk 00:24:58]} {[%emt 00:02:49]} Nb6
{[%clk 00:10:52]} {[%emt 00:02:15]} 23. Rf2 {[%clk 00:16:54]} {[%emt 00:08:32]}
Nc4 {[%clk 00:07:37]} {[%emt 00:03:46]} 24. Nxc4 {[%clk 00:15:41]} {[%emt
00:01:43]} dxc4 {[%clk 00:07:52]} {[%emt 00:00:14]} 25. Ne5 {[%clk 00:15:15]}
{[%emt 00:00:55]} Ne7 {[%clk 00:07:34]} {[%emt 00:00:49]} 26. Nf3 {[%clk
00:09:13]} {[%emt 00:06:33]} Ng6 {[%clk 00:05:06]} {[%emt 00:02:58]} 27. Ne5
{[%clk 00:09:19]} {[%emt 00:00:23]} Ne7 {[%clk 00:05:26]} {[%emt 00:00:10]} 28.
Qe2 {[%clk 00:08:27]} {[%emt 00:01:23]} Rc8 {[%clk 00:05:52]} {[%emt 00:00:04]}
29. Nf3 {[%clk 00:08:45]} {[%emt 00:00:11]} Ng6 {[%clk 00:05:38]} {[%emt
00:00:44]} 30. Qe4 {[%clk 00:08:50]} {[%emt 00:00:25]} Rce8 {[%clk 00:03:14]}
{[%emt 00:02:54]} 31. f5 {[%clk 00:05:36]} {[%emt 00:03:44]} exf5 {[%clk
00:03:35]} {[%emt 00:00:09]} 32. Qxf5 {[%clk 00:06:01]} {[%emt 00:00:04]} Qxf5
{[%clk 00:03:26]} {[%emt 00:00:40]} 33. gxf5 {[%clk 00:06:26]} {[%emt
00:00:05]} Nf4 {[%clk 00:03:04]} {[%emt 00:00:52]} 34. Kh2 {[%clk 00:02:32]}
{[%emt 00:04:24]} Nd3 {[%clk 00:03:29]} {[%emt 00:00:05]} 35. Rxe8 {[%clk
00:02:57]} {[%emt 00:00:05]} Rxe8 {[%clk 00:03:57]} {[%emt 00:00:03]} 36. Rd2
{[%clk 00:01:48]} {[%emt 00:01:40]} Re3 {[%clk 00:02:59]} {[%emt 00:01:27]} 37.
Kg2 {[%clk 00:01:45]} {[%emt 00:00:33]} Kf8 {[%clk 00:02:09]} {[%emt 00:01:21]}
38. Nxh4 {[%clk 00:00:45]} {[%emt 00:01:30]} Ke7 {[%clk 00:01:38]} {[%emt
00:01:02]} 39. Nf3 {[%clk 00:00:40]} {[%emt 00:00:35]} Kf6 {[%clk 00:01:33]}
{[%emt 00:00:35]} 40. Ne5 {[%clk 00:00:34]} {[%emt 00:00:36]} Nxe5 {[%clk
00:01:17]} {[%emt 00:00:46]} 41. dxe5+ {[%clk 00:00:57]} {[%emt 00:00:07]} Rxe5
{[%clk 00:00:54]} {[%emt 00:00:52]} 42. Kg3 {[%clk 00:23:40]} {[%emt 00:07:47]}
Rxf5 {[%clk 00:28:45]} {[%emt 00:02:40]} 43. a4 {[%clk 00:18:40]} {[%emt
00:05:30]} Ra5 {[%clk 00:23:33]} {[%emt 00:05:42]} 44. Rd7 {[%clk 00:12:49]}
{[%emt 00:06:21]} b6 {[%clk 00:23:47]} {[%emt 00:00:16]} 45. Rd6+ {[%clk
00:13:03]} {[%emt 00:00:16]} Ke7 {[%clk 00:23:37]} {[%emt 00:00:39]} 46. Rd4
{[%clk 00:13:21]} {[%emt 00:00:12]} Rxa4 {[%clk 00:22:48]} {[%emt 00:01:19]}
47. Kf4 {[%clk 00:09:26]} {[%emt 00:04:25]} b5 {[%clk 00:22:49]} {[%emt
00:00:29]} 48. Rd5 {[%clk 00:08:19]} {[%emt 00:01:37]} a6 {[%clk 00:23:07]}
{[%emt 00:00:13]} 49. Rg5 {[%clk 00:07:29]} {[%emt 00:01:19]} g6 {[%clk
00:23:16]} {[%emt 00:00:21]} 50. Rc5 {[%clk 00:07:31]} {[%emt 00:00:29]} Ra2
{[%clk 00:23:12]} {[%emt 00:00:34]} 51. Rc7+ {[%clk 00:05:20]} {[%emt
00:02:41]} Kf8 {[%clk 00:22:44]} {[%emt 00:00:58]} 52. Ra7 {[%clk 00:05:20]}
{[%emt 00:00:30]} Rxb2 {[%clk 00:23:01]} {[%emt 00:00:13]} 53. Ke5 {[%clk
00:04:44]} {[%emt 00:01:05]} Re2+ {[%clk 00:22:10]} {[%emt 00:01:20]} 54. Kf6
{[%clk 00:04:55]} {[%emt 00:00:20]} Rf2+ {[%clk 00:22:20]} {[%emt 00:00:20]}
0-1

[Event "Deutsche Ländermeisterschaft 2022"]
[Site "Wiesbaden GER"]
[Date "2022.10.01"]
[Round "2"]
[White "Gluma, Christian"]
[Black "Hänselmann, Hendrik"]
[Result "0-1"]
[Termination "normal"]
[Board "3.3"]
[WhiteElo "2107"]
[BlackElo "1989"]
[WhiteClock "00:01:43"]
[BlackClock "00:10:04"]
[WhiteTeam "Nordrhein-Westfalen"]
[BlackTeam "Baden 1"]
[PlyCount "84"]
[WhiteFideId "16223209"]
[BlackFideId "16232755"]
[EventCountry "GER"]
[EventRounds "7"]
[EventType "team-swiss"]
[EventDate "2022.09.30"]

1. e4 {[%clk 01:30:56]} {[%emt 00:00:04]} c5 {[%clk 01:30:56]} {[%emt
00:00:04]} 2. Nf3 {[%clk 01:31:21]} {[%emt 00:00:05]} d6 {[%clk 01:31:22]}
{[%emt 00:00:04]} 3. d4 {[%clk 01:31:44]} {[%emt 00:00:07]} cxd4 {[%clk
01:31:48]} {[%emt 00:00:04]} 4. Nxd4 {[%clk 01:32:09]} {[%emt 00:00:05]} Nf6
{[%clk 01:32:14]} {[%emt 00:00:04]} 5. Nc3 {[%clk 01:32:32]} {[%emt 00:00:07]}
Nc6 {[%clk 01:32:40]} {[%emt 00:00:04]} 6. Be2 {[%clk 01:31:34]} {[%emt
00:01:28]} g6 {[%clk 01:33:05]} {[%emt 00:00:06]} 7. Be3 {[%clk 01:31:57]}
{[%emt 00:00:08]} Bg7 {[%clk 01:33:28]} {[%emt 00:00:07]} 8. Qd2 {[%clk
01:31:51]} {[%emt 00:00:35]} Ng4 {[%clk 01:31:57]} {[%emt 00:02:02]} 9. Bxg4
{[%clk 01:31:28]} {[%emt 00:00:53]} Bxg4 {[%clk 01:32:22]} {[%emt 00:00:05]}
10. f3 {[%clk 01:31:17]} {[%emt 00:00:41]} Be6 {[%clk 01:32:12]} {[%emt
00:00:40]} 11. g4 {[%clk 01:25:46]} {[%emt 00:06:01]} Rc8 {[%clk 01:29:41]}
{[%emt 00:03:00]} 12. O-O {[%clk 01:15:12]} {[%emt 00:11:05]} Ne5 {[%clk
01:25:21]} {[%emt 00:04:50]} 13. b3 {[%clk 01:11:13]} {[%emt 00:04:29]} O-O
{[%clk 01:18:54]} {[%emt 00:06:57]} 14. h3 {[%clk 00:58:25]} {[%emt 00:13:18]}
Qa5 {[%clk 01:08:07]} {[%emt 00:11:17]} 15. Nce2 {[%clk 00:50:46]} {[%emt
00:08:09]} Qxd2 {[%clk 01:02:14]} {[%emt 00:06:23]} 16. Bxd2 {[%clk 00:51:11]}
{[%emt 00:00:06]} Nc6 {[%clk 01:00:43]} {[%emt 00:02:00]} 17. c3 {[%clk
00:46:17]} {[%emt 00:05:24]} d5 {[%clk 00:57:29]} {[%emt 00:03:44]} 18. Rac1
{[%clk 00:38:23]} {[%emt 00:08:24]} dxe4 {[%clk 00:54:50]} {[%emt 00:03:10]}
19. fxe4 {[%clk 00:32:02]} {[%emt 00:06:50]} Ne5 {[%clk 00:48:44]} {[%emt
00:06:35]} 20. Nf4 {[%clk 00:22:07]} {[%emt 00:10:26]} Bd7 {[%clk 00:46:56]}
{[%emt 00:02:17]} 21. Nd5 {[%clk 00:22:01]} {[%emt 00:00:36]} Rfe8 {[%clk
00:42:58]} {[%emt 00:04:28]} 22. Bg5 {[%clk 00:18:14]} {[%emt 00:04:18]} f6
{[%clk 00:40:01]} {[%emt 00:03:28]} 23. Be3 {[%clk 00:14:16]} {[%emt 00:04:28]}
Nd3 {[%clk 00:37:26]} {[%emt 00:03:04]} 24. Rcd1 {[%clk 00:10:21]} {[%emt
00:04:26]} Nc5 {[%clk 00:35:56]} {[%emt 00:02:00]} 25. Ne2 {[%clk 00:04:59]}
{[%emt 00:05:53]} Nxe4 {[%clk 00:34:27]} {[%emt 00:02:00]} 26. Bxa7 {[%clk
00:04:13]} {[%emt 00:01:15]} Bc6 {[%clk 00:29:55]} {[%emt 00:05:02]} 27. Nef4
{[%clk 00:02:56]} {[%emt 00:01:47]} e5 {[%clk 00:28:47]} {[%emt 00:01:37]} 28.
Nb6 {[%clk 00:02:31]} {[%emt 00:00:56]} exf4 {[%clk 00:26:08]} {[%emt
00:03:09]} 29. Nxc8 {[%clk 00:02:55]} {[%emt 00:00:06]} Rxc8 {[%clk 00:26:33]}
{[%emt 00:00:05]} 30. Bd4 {[%clk 00:02:57]} {[%emt 00:00:28]} Bh6 {[%clk
00:21:27]} {[%emt 00:05:35]} 31. c4 {[%clk 00:02:04]} {[%emt 00:01:23]} Re8
{[%clk 00:18:52]} {[%emt 00:03:05]} 32. b4 {[%clk 00:01:16]} {[%emt 00:01:18]}
Ng3 {[%clk 00:13:18]} {[%emt 00:06:04]} 33. Rfe1 {[%clk 00:00:47]} {[%emt
00:00:59]} Ne2+ {[%clk 00:12:26]} {[%emt 00:01:21]} 34. Kf2 {[%clk 00:00:43]}
{[%emt 00:00:34]} f3 {[%clk 00:12:46]} {[%emt 00:00:11]} 35. b5 {[%clk
00:00:54]} {[%emt 00:00:20]} Be4 {[%clk 00:12:24]} {[%emt 00:00:51]} 36. Bxf6
{[%clk 00:00:58]} {[%emt 00:00:26]} Bf4 {[%clk 00:11:42]} {[%emt 00:01:12]} 37.
Rd8 {[%clk 00:00:38]} {[%emt 00:00:50]} Rxd8 {[%clk 00:10:18]} {[%emt
00:01:53]} 38. Bxd8 {[%clk 00:01:01]} {[%emt 00:00:08]} Bg3+ {[%clk 00:10:40]}
{[%emt 00:00:08]} 39. Kf1 {[%clk 00:01:26]} {[%emt 00:00:05]} Bxe1 {[%clk
00:10:42]} {[%emt 00:00:28]} 40. Kxe1 {[%clk 00:01:51]} {[%emt 00:00:04]} Nf4
{[%clk 00:10:16]} {[%emt 00:00:56]} 41. h4 {[%clk 00:01:37]} {[%emt 00:00:45]}
Nh3 {[%clk 00:10:11]} {[%emt 00:00:35]} 42. Bb6 {[%clk 00:01:43]} {[%emt
00:00:24]} Bd3 {[%clk 00:10:04]} {[%emt 00:00:37]} 0-1

[Event "Deutsche Ländermeisterschaft 2022"]
[Site "Wiesbaden GER"]
[Date "2022.10.01"]
[Round "2"]
[White "Semling, Johannes"]
[Black "Besou, Hussain"]
[Result "0-1"]
[Termination "normal"]
[Board "3.4"]
[WhiteElo "1861"]
[BlackElo "2119"]
[WhiteClock "00:05:05"]
[BlackClock "00:49:50"]
[WhiteTeam "Baden 1"]
[BlackTeam "Nordrhein-Westfalen"]
[PlyCount "110"]
[WhiteFideId "16290151"]
[BlackFideId "16269950"]
[EventCountry "GER"]
[EventRounds "7"]
[EventType "team-swiss"]
[EventDate "2022.09.30"]

1. Nf3 {[%clk 01:30:55]} {[%emt 00:00:04]} Nf6 {[%clk 01:30:53]} {[%emt
00:00:07]} 2. g3 {[%clk 01:31:17]} {[%emt 00:00:09]} d5 {[%clk 01:31:17]}
{[%emt 00:00:06]} 3. Bg2 {[%clk 01:31:37]} {[%emt 00:00:10]} Bf5 {[%clk
01:31:42]} {[%emt 00:00:05]} 4. c4 {[%clk 01:30:45]} {[%emt 00:01:22]} c6
{[%clk 01:32:05]} {[%emt 00:00:07]} 5. O-O {[%clk 01:29:42]} {[%emt 00:01:33]}
e6 {[%clk 01:32:25]} {[%emt 00:00:09]} 6. d3 {[%clk 01:28:16]} {[%emt
00:01:57]} Be7 {[%clk 01:26:22]} {[%emt 00:06:33]} 7. cxd5 {[%clk 01:26:49]}
{[%emt 00:01:58]} exd5 {[%clk 01:25:43]} {[%emt 00:01:09]} 8. Qb3 {[%clk
01:26:37]} {[%emt 00:00:40]} Qb6 {[%clk 01:25:13]} {[%emt 00:01:00]} 9. Qc2
{[%clk 01:25:50]} {[%emt 00:01:17]} O-O {[%clk 01:25:11]} {[%emt 00:00:32]} 10.
Nc3 {[%clk 01:25:39]} {[%emt 00:00:41]} h6 {[%clk 01:20:28]} {[%emt 00:05:13]}
11. e4 {[%clk 01:25:23]} {[%emt 00:00:45]} dxe4 {[%clk 01:20:34]} {[%emt
00:00:25]} 12. dxe4 {[%clk 01:25:44]} {[%emt 00:00:09]} Bh7 {[%clk 01:20:58]}
{[%emt 00:00:05]} 13. Be3 {[%clk 01:25:42]} {[%emt 00:00:31]} Qa6 {[%clk
01:20:59]} {[%emt 00:00:30]} 14. Nd4 {[%clk 01:25:07]} {[%emt 00:01:04]} Nbd7
{[%clk 01:20:04]} {[%emt 00:01:26]} 15. f3 {[%clk 01:19:42]} {[%emt 00:05:56]}
Rfe8 {[%clk 01:18:19]} {[%emt 00:02:15]} 16. Rad1 {[%clk 01:15:18]} {[%emt
00:04:53]} Rad8 {[%clk 01:17:39]} {[%emt 00:01:11]} 17. Rfe1 {[%clk 01:12:30]}
{[%emt 00:03:18]} Ne5 {[%clk 01:16:51]} {[%emt 00:01:17]} 18. Bf2 {[%clk
00:59:34]} {[%emt 00:13:26]} Nd5 {[%clk 01:10:15]} {[%emt 00:07:07]} 19. a3
{[%clk 00:54:38]} {[%emt 00:05:27]} Nxc3 {[%clk 01:07:07]} {[%emt 00:03:37]}
20. Qxc3 {[%clk 00:54:46]} {[%emt 00:00:20]} c5 {[%clk 01:04:07]} {[%emt
00:03:32]} 21. Nf5 {[%clk 00:48:20]} {[%emt 00:06:57]} Bf6 {[%clk 01:01:16]}
{[%emt 00:03:21]} 22. Rxd8 {[%clk 00:39:46]} {[%emt 00:09:03]} Rxd8 {[%clk
01:00:39]} {[%emt 00:01:07]} 23. Ne7+ {[%clk 00:38:15]} {[%emt 00:02:02]} Kh8
{[%clk 01:00:01]} {[%emt 00:01:08]} 24. Nd5 {[%clk 00:37:38]} {[%emt 00:01:08]}
Nd3 {[%clk 01:00:24]} {[%emt 00:00:07]} 25. Nxf6 {[%clk 00:37:52]} {[%emt
00:00:16]} Nxe1 {[%clk 01:00:48]} {[%emt 00:00:05]} 26. Nh5 {[%clk 00:38:01]}
{[%emt 00:00:20]} Qg6 {[%clk 01:00:47]} {[%emt 00:00:31]} 27. Nf4 {[%clk
00:37:54]} {[%emt 00:00:36]} Nxf3+ {[%clk 01:00:16]} {[%emt 00:01:01]} 28. Bxf3
{[%clk 00:38:08]} {[%emt 00:00:16]} Qc6 {[%clk 01:00:07]} {[%emt 00:00:39]} 29.
Nd5 {[%clk 00:35:48]} {[%emt 00:02:50]} Qe6 {[%clk 00:59:48]} {[%emt 00:00:49]}
30. Nf4 {[%clk 00:31:42]} {[%emt 00:04:36]} Qe8 {[%clk 00:58:03]} {[%emt
00:02:16]} 31. Nh5 {[%clk 00:28:49]} {[%emt 00:03:20]} f6 {[%clk 00:58:11]}
{[%emt 00:00:25]} 32. Nxf6 {[%clk 00:18:19]} {[%emt 00:11:00]} gxf6 {[%clk
00:57:29]} {[%emt 00:01:11]} 33. Qxf6+ {[%clk 00:18:43]} {[%emt 00:00:06]} Kg8
{[%clk 00:57:53]} {[%emt 00:00:05]} 34. Bg4 {[%clk 00:18:09]} {[%emt 00:01:02]}
Bg6 {[%clk 00:57:21]} {[%emt 00:01:05]} 35. Be6+ {[%clk 00:16:39]} {[%emt
00:02:01]} Kh7 {[%clk 00:57:44]} {[%emt 00:00:06]} 36. Bxc5 {[%clk 00:15:26]}
{[%emt 00:01:43]} Bxe4 {[%clk 00:55:20]} {[%emt 00:02:54]} 37. Be7 {[%clk
00:11:09]} {[%emt 00:04:46]} Rd1+ {[%clk 00:54:18]} {[%emt 00:01:33]} 38. Kf2
{[%clk 00:11:34]} {[%emt 00:00:05]} Qg6 {[%clk 00:54:14]} {[%emt 00:00:35]} 39.
Qe5 {[%clk 00:11:09]} {[%emt 00:00:54]} Bd3 {[%clk 00:53:10]} {[%emt 00:01:34]}
40. Bc5 {[%clk 00:10:25]} {[%emt 00:01:13]} Rd2+ {[%clk 00:50:02]} {[%emt
00:03:40]} 41. Kg1 {[%clk 00:10:01]} {[%emt 00:00:52]} Re2 {[%clk 00:49:51]}
{[%emt 00:00:42]} 42. Qc7+ {[%clk 00:09:39]} {[%emt 00:00:52]} Qg7 {[%clk
00:50:16]} {[%emt 00:00:05]} 43. Qd6 {[%clk 00:08:21]} {[%emt 00:01:46]} Be4
{[%clk 00:49:25]} {[%emt 00:01:23]} 44. Qd4 {[%clk 00:05:05]} {[%emt 00:03:47]}
Qxd4+ {[%clk 00:49:32]} {[%emt 00:00:22]} 45. Bxd4 {[%clk 00:05:29]} {[%emt
00:00:06]} Rg2+ {[%clk 00:49:53]} {[%emt 00:00:08]} 46. Kf1 {[%clk 00:05:27]}
{[%emt 00:00:32]} Rxh2 {[%clk 00:50:16]} {[%emt 00:00:07]} 47. b4 {[%clk
00:04:51]} {[%emt 00:01:07]} a6 {[%clk 00:50:13]} {[%emt 00:00:33]} 48. a4
{[%clk 00:04:49]} {[%emt 00:00:32]} Rd2 {[%clk 00:50:09]} {[%emt 00:00:33]} 49.
Bc5 {[%clk 00:04:49]} {[%emt 00:00:31]} Kg6 {[%clk 00:49:35]} {[%emt 00:01:03]}
50. a5 {[%clk 00:04:53]} {[%emt 00:00:27]} Bf5 {[%clk 00:48:00]} {[%emt
00:02:05]} 51. Bc4 {[%clk 00:04:24]} {[%emt 00:00:58]} Bd3+ {[%clk 00:48:23]}
{[%emt 00:00:08]} 52. Bxd3+ {[%clk 00:04:39]} {[%emt 00:00:15]} Rxd3 {[%clk
00:48:47]} {[%emt 00:00:05]} 53. Kf2 {[%clk 00:05:04]} {[%emt 00:00:04]} Kf5
{[%clk 00:49:09]} {[%emt 00:00:10]} 54. Bb6 {[%clk 00:04:46]} {[%emt 00:00:48]}
Kg4 {[%emt 00:00:18]} 55. Bc7 {[%clk 00:05:05]} {[%emt 00:00:03]} Rd4 {[%clk
00:49:50]} {[%emt 00:00:09]} 0-1

[Event "Deutsche Ländermeisterschaft 2022"]
[Site "Wiesbaden GER"]
[Date "2022.10.01"]
[Round "2"]
[White "Rudolph, Eva"]
[Black "Basovskiy, Jana"]
[Result "1/2-1/2"]
[Termination "normal"]
[Board "3.5"]
[WhiteElo "1911"]
[BlackElo "1858"]
[WhiteClock "00:32:21"]
[BlackClock "00:22:40"]
[WhiteTeam "Nordrhein-Westfalen"]
[BlackTeam "Baden 1"]
[PlyCount "58"]
[WhiteFideId "16200594"]
[BlackFideId "16208617"]
[EventCountry "GER"]
[EventRounds "7"]
[EventType "team-swiss"]
[EventDate "2022.09.30"]

1. e4 {[%clk 01:30:57]} {[%emt 00:00:02]} c5 {[%clk 01:30:57]} {[%emt
00:00:04]} 2. Nc3 {[%clk 01:31:21]} {[%emt 00:00:06]} Nc6 {[%clk 01:30:38]}
{[%emt 00:00:48]} 3. f4 {[%clk 01:31:41]} {[%emt 00:00:11]} g6 {[%clk
01:30:05]} {[%emt 00:01:03]} 4. Nf3 {[%clk 01:31:51]} {[%emt 00:00:20]} Bg7
{[%clk 01:30:30]} {[%emt 00:00:05]} 5. Bb5 {[%clk 01:31:44]} {[%emt 00:00:36]}
Nd4 {[%clk 01:30:42]} {[%emt 00:00:17]} 6. d3 {[%clk 01:29:52]} {[%emt
00:02:23]} Nxb5 {[%clk 01:23:12]} {[%emt 00:08:00]} 7. Nxb5 {[%clk 01:30:12]}
{[%emt 00:00:10]} d5 {[%clk 01:12:07]} {[%emt 00:11:36]} 8. O-O {[%clk
01:23:15]} {[%emt 00:07:27]} Nf6 {[%clk 01:05:27]} {[%emt 00:07:10]} 9. e5
{[%clk 01:12:55]} {[%emt 00:10:51]} Nd7 {[%clk 01:04:47]} {[%emt 00:01:08]} 10.
Qe2 {[%clk 01:10:52]} {[%emt 00:02:34]} Nb6 {[%clk 00:54:57]} {[%emt 00:10:19]}
11. a4 {[%clk 01:05:42]} {[%emt 00:05:41]} a6 {[%clk 00:50:52]} {[%emt
00:04:35]} 12. Nc3 {[%clk 01:05:12]} {[%emt 00:01:00]} d4 {[%clk 00:51:04]}
{[%emt 00:00:18]} 13. Ne4 {[%clk 01:04:56]} {[%emt 00:00:45]} Qd5 {[%clk
00:39:31]} {[%emt 00:12:03]} 14. Nf6+ {[%clk 00:53:54]} {[%emt 00:11:33]} exf6
{[%clk 00:39:48]} {[%emt 00:00:12]} 15. exf6+ {[%clk 00:54:14]} {[%emt
00:00:10]} Kf8 {[%clk 00:39:51]} {[%emt 00:00:25]} 16. Qe7+ {[%clk 00:34:49]}
{[%emt 00:19:57]} Kg8 {[%clk 00:40:14]} {[%emt 00:00:07]} 17. fxg7 {[%clk
00:34:26]} {[%emt 00:00:53]} Kxg7 {[%emt 00:04:59]} 18. f5 {[%emt 00:01:03]}
Bxf5 {[%clk 00:35:18]} {[%emt 00:00:50]} 19. Nh4 {[%clk 00:32:21]} {[%emt
00:02:10]} Rhe8 {[%clk 00:22:40]} 20. Nxf5+ {[%clk 00:32:21]} Qxf5 {[%clk
00:22:40]} 21. Qh4 {[%clk 00:32:21]} Qe5 {[%clk 00:22:40]} 22. Bf4 {[%clk
00:32:21]} Qh5 {[%clk 00:22:40]} 23. Qxh5 {[%clk 00:32:21]} gxh5 {[%clk
00:22:40]} 24. Bd6 {[%clk 00:32:21]} Rac8 {[%clk 00:22:40]} 25. Rf5 {[%clk
00:32:21]} Nd7 {[%clk 00:22:40]} 26. Raf1 {[%clk 00:32:21]} f6 {[%clk
00:22:40]} 27. Rxh5 {[%clk 00:32:21]} Re2 {[%clk 00:22:40]} 28. Rf2 {[%clk
00:32:21]} Re1+ {[%clk 00:22:40]} 29. Rf1 {[%clk 00:32:21]} Re2 {[%clk
00:22:40]} 1/2-1/2